Statistiques concernant Effectif du Stade toulousain - Saison 2021-2022.

Cliquez ici pour prendre le quiz!

Statistiques générales

  • Ce quiz a été pris 298 fois
    (172 depuis la dernière actualisation)
  • Le résultat moyen est 28 sur 40

Statistiques - réponses

Joueur% Correct
Antoine Dupont
98%
Julien Marchand
97%
Romain Ntamack
96%
Cyril Baille
95%
Peato Mauvaka
95%
Thomas Ramos
94%
Richie Arnold
88%
Rory Arnold
88%
François Cros
87%
Anthony Jelonch
86%
Matthis Lebel
85%
Juan Cruz Mallía
83%
Thibaud Flament
79%
Dorian Aldegheri
77%
Pita Ahki
77%
Santiago Chocobares
74%
Selevasio Tolofua
73%
Iosefa Tekori
72%
Sofiane Guitoune
71%
David Ainu'u
69%
Maxime Médard
68%
Zack Holmes
68%
Emmanuel Meafou
66%
Guillaume Cramont
66%
Charlie Faumuina
65%
Martin Page-Relo
62%
Rynhardt Elstadt
62%
Tim Nanai-Williams
62%
Baptiste Germain
60%
Rodrigue Neti
57%
Lucas Tauzin
56%
Alban Placines
55%
Alexis Balès
49%
Dimitri Delibes
48%
Nelson Épée
47%
Arthur Bonneval
43%
Pierre Fouyssac
42%
Antoine Miquel
35%
Yannick Youyoutte
35%
Paulo Tafili
27%

Distribution des résultats

Percentile par nombre de réponses

% des personnes avec chaque résultat

Votre développement - résultats

Vous n’avez pas pris ce quiz depuis la dernière actualisation